Cameos und Karikaturen in Asterix - Statistiken

Allgemein
  • Dieses Quiz wurde 40 mal gespielt
  • Das Durchschnittsergebnis liegt bei 5 aus 12
Antwortstatistiken
Bildquiz Hint Antwort % Korrekt
Asterix bei den Briten The Beatles
92%
Asterix bei den Olympischen Spielen Michael Schumacher
85%
Asterix & Obelix im Reich der Mitte Zlatan Ibrahimović
74%
Obelix GmbH & Co KG Stan Laurel / Oliver Hardy
49%
Asterix bei den Olympischen Spielen Zinedine Zidane
49%
Gallien in Gefahr Arnold Schwarzenegger
44%
Asterix erobert Rom Brigitte Bardot
26%
Die Odyssee Sean Connery
18%
Obelix auf Kreuzfahrt Kirk Douglas
13%
Asterix in Italien Alain Prost
10%
Der Papyrus des Cäsar Alfred Hitchcock
3%
Asterix in Lusitanien Ricky Gervais
0%
Keine übereinstimmenden Quizze gefunden
Verteilung der Resultate
Anzahl Personen mit jedem Resultat
Perzentil nach korrekt beantworteten Fragen
Ihre Resultats-Entwicklung
Sie haben dieses Quiz noch nicht gespielt